Risultati dell'Udinese in UEFA Europa League 2012-2013 - Statistics

Statistiche generali
  • Questo quiz è stato fatto 4 volte
  • Il punteggio medio è 3 su 6
Statistiche sulle risposte
Hint Risposta % Corretto
Udinese - Liverpool 0-1
100%
Liverpool - Udinese 2-3
67%
Udinese - Anži 1-1
33%
Anži - Udinese 2-0
33%
Young Boys - Udinese 3-1
33%
Udinese - Young Boys 2-3
0%
Nessun quiz corrispondente trovato
Distribuzione punteggi
Percentuale di utenti per punteggio
Percentile per numero di risposta
I tuoi punteggi nel tempo
Non hai fatto questo quiz